000
00318nam a2200121Ia 4500
008
240624s9999 xx 000 0 und d
041
_a
eng
082
_a
920 NAY
100
_a
NAYAR KULDIP
245
_a
BEYOND THE LINES AN AUTOBIOGRAPHY
260
_c
2012
_a
New Delhi
_b
Roli Books
300
_a
xii, : 420 : p. : cm. ; 24
999
_c
20805
_d
20805